Aktuálne problémy v našom arabskom svete
Sociálno-ekonomická charakteristika arabskej spoločnosti. Hlavné problémy arabského sveta - nezamestnanosť, zadlženosť, sociálne problémy (diskriminácia žien, negramotnosť), zaostávanie vedeckej produkcie a využívania internetu, emigrácia vysokokvalifikovaných pracovných síl. Príčiny a bariéry rozvo...
Enregistré dans:
| Auteur principal: | |
|---|---|
| Format: | Chapitre de livre |
| Langue: | slovaque |
| Sujets: | |
| Tags: |
Pas de tags, Soyez le premier à ajouter un tag!
|
MARC
| LEADER | 00000naa$a2200000$$$4500 | ||
|---|---|---|---|
| 001 | 0033985 | ||
| 005 | 20221207105135.2 | ||
| 041 | 0 | |a slo | |
| 044 | |a SK | ||
| 245 | 1 | 0 | |a Aktuálne problémy v našom arabskom svete |c Bassam al tazza |
| 520 | |a Sociálno-ekonomická charakteristika arabskej spoločnosti. Hlavné problémy arabského sveta - nezamestnanosť, zadlženosť, sociálne problémy (diskriminácia žien, negramotnosť), zaostávanie vedeckej produkcie a využívania internetu, emigrácia vysokokvalifikovaných pracovných síl. Príčiny a bariéry rozvoja regiónov. . | ||
| 610 | 2 | 0 | |a Arabské štáty |
| 610 | 2 | 0 | |a situácia hospodárska |
| 610 | 2 | 0 | |a situácia sociálna |
| 610 | 2 | 0 | |a problémy spoločenské |
| 610 | 2 | 0 | |a nezamestnanosť |
| 610 | 2 | 0 | |a emigrácia |
| 610 | 2 | 0 | |a diskriminácia |
| 100 | 1 | |a Bassam al tazza | |